[Event "Hvar Arsenal blitz op 2nd"]
[Site "Hvar"]
[Date "2023.10.19"]
[Round "10"]
[White "Patel, Zain"]
[Black "Tepe, Mario"]
[Result "1-0"]
[WhiteElo "1755"]
[BlackElo "1638"]
[PlyCount "63"]
[EventDate "2023.10.19"]
[EventType "swiss (blitz)"]
[EventRounds "11"]
[EventCountry "CRO"]
[SourceTitle "Mega2024 Update 01"]
[Source "Chessbase"]
[SourceDate "2023.11.12"]
[SourceVersion "1"]
[SourceVersionDate "2023.11.12"]
[SourceQuality "1"]

1. d4 Nf6 2. Nf3 d5 3. c4 e6 4. Nc3 Bb4 5. Qa4+ Nc6 6. e3 0-0 7. Bd2 Bd7 8. Qc2 Bxc3 9. Bxc3 Ne4 10. Bd3 f5 11. 0-0 Nxc3 12. Qxc3 Qf6 13. Ne5 Nxe5 14. dxe5 Qd8 15. cxd5 exd5 16. Rac1 c6 17. Qb4 Rb8 18. Qd6 Be8 19. Qe6+ Kh8 20. Bxf5 Bf7 21. Qd7 Qg5 22. f4 Qh5 23. Bg4 Qg6 24. Qf5 Qxf5 25. Bxf5 Bh5 26. g4 g6 27. Bd7 Rfd8 28. gxh5 Rxd7 29. hxg6 Rg7 30. f5 hxg6 31. f6 Rgg8 32. e6 1-0

[Event "Hvar Arsenal blitz op 2nd"]
[Site "Hvar"]
[Date "2023.10.19"]
[Round "11"]
[White "Tepe, Mario"]
[Black "Krisha, Tamhant Jain"]
[Result "0-1"]
[WhiteElo "1638"]
[BlackElo "1120"]
[PlyCount "91"]
[EventDate "2023.10.19"]
[EventType "swiss (blitz)"]
[EventRounds "11"]
[EventCountry "CRO"]
[SourceTitle "Mega2024 Update 01"]
[Source "Chessbase"]
[SourceDate "2023.11.12"]
[SourceVersion "1"]
[SourceVersionDate "2023.11.12"]
[SourceQuality "1"]

1. c4 e6 2. Nc3 d5 3. d4 Nf6 4. g3 Be7 5. Bg2 c5 6. cxd5 exd5 7. dxc5 d4 8. Ne4 Nxe4 9. Bxe4 Bxc5 10. Qb3 Bb6 11. Bf4 Be6 12. Qa4+ Bd7 13. Qb3 Bc6 14. Bxc6+ Nxc6 15. Nf3 0-0 16. 0-0 Qf6 17. Rad1 h6 18. Rd3 Rad8 19. Rfd1 Rd7 20. Qb5 Rfd8 21. e3 dxe3 22. Rxd7 exf2+ 23. Kg2 Rxd7 24. Rxd7 Qf5 25. Rd1 Qxb5 26. b3 Qe2 27. Rf1 Ne7 28. Ne5 Qe4+ 29. Kh3 Ng6 30. Nxg6 fxg6 31. Bb8 Qf5+ 32. Kg2 Qd5+ 33. Kh3 Qd3 34. Kg2 Qe2 35. Bf4 Kf7 36. h4 Kf6 37. Bc1 Kf5 38. Bf4 Kg4 39. Bb8 Qf3+ 40. Kh2 h5 41. Bd6 Ba5 42. Bf4 Bd8 43. Bb8 a6 44. Ba7 b5 45. Rxf2 Qe4 46. Rf4+ 0-1

[Event "Santiago de Compostela Bicapawn GP B3"]
[Site "Santiago de Compostela"]
[Date "2022.10.20"]
[Round "1"]
[White "Kuzubov, Yuriy"]
[Black "Tepe, Mario"]
[Result "1-0"]
[WhiteElo "2612"]
[BlackElo "1664"]
[PlyCount "75"]
[EventDate "2022.10.20"]
[EventType "swiss (blitz)"]
[EventRounds "9"]
[EventCountry "ESP"]
[SourceTitle "CBM 210 Extra"]
[Source "ChessBase"]
[SourceDate "2022.11.30"]
[SourceVersion "1"]
[SourceVersionDate "2022.11.30"]
[SourceQuality "1"]

1. d4 Nf6 2. Nf3 d5 3. c4 e6 4. Nc3 Bb4 5. Bg5 0-0 6. a3 Bxc3+ 7. bxc3 Nc6 8. e3 h6 9. Bh4 b6 10. Ne5 Bb7 11. cxd5 exd5 12. Bxf6 gxf6 13. Qg4+ Kh8 14. Nd3 f5 15. Qxf5 Qg5 16. Qxg5 hxg5 17. h4 gxh4 18. Rxh4+ Kg7 19. Nf4 Rh8 20. Rg4+ Kf8 21. Nxd5 Rc8 22. Nf4 Na5 23. Rd1 Rh1 24. f3 Re8 25. Kf2 Nc4 26. e4 Nxa3 27. Ra1 Nc2 28. Rxa7 Rxf1+ 29. Kxf1 Ne3+ 30. Ke2 Nxg4 31. Rxb7 Nf6 32. Rxc7 Rb8 33. e5 Ne8 34. Ra7 b5 35. d5 b4 36. cxb4 Rxb4 37. g3 Kg7 38. d6 1-0

[Event "Santiago de Compostela Bicapawn GP B1"]
[Site "Santiago de Compostela"]
[Date "2022.10.19"]
[Round "7"]
[White "Cabanas Lopez, Eduardo"]
[Black "Tepe, Mario"]
[Result "0-1"]
[WhiteElo "1723"]
[BlackElo "1664"]
[PlyCount "77"]
[EventDate "2022.10.19"]
[EventType "swiss (blitz)"]
[EventRounds "9"]
[EventCountry "ESP"]
[SourceTitle "EXT 2024"]
[Source "ChessBase"]
[SourceDate "2023.10.10"]
[SourceVersion "1"]
[SourceVersionDate "2023.10.10"]
[SourceQuality "1"]

1. e4 e5 2. Nf3 Nc6 3. Bc4 Nf6 4. Ng5 d5 5. exd5 Nd4 6. c3 Nf5 7. 0-0 h6 8. Nf3 e4 9. Re1 Be7 10. Ne5 0-0 11. d3 b5 12. Bb3 exd3 13. Nxd3 Nxd5 14. Bxd5 Qxd5 15. Nf4 Qxd1 16. Rxd1 Bd6 17. Nd5 Bb7 18. Ne3 Nh4 19. Na3 f5 20. Nxb5 f4 21. Nxd6 cxd6 22. Nc2 Bxg2 23. Rxd6 Rf5 24. Nd4 Rg5 25. f3 Bxf3+ 26. Kf2 Rg2+ 27. Ke1 Re8+ 28. Re6 Rxe6+ 29. Nxe6 Re2+ 30. Kf1 Rxe6 31. Bxf4 Re2 32. Rd1 Rxb2 33. Bg3 Bxd1 34. Bxh4 Rxa2 35. Ke1 Bf3 36. Bf2 a5 37. Bd4 Rc2 38. Kf1 a4 39. h4 0-1

[Event "Wroclaw Anderssen Memorial"]
[Site "Wroclaw"]
[Date "2022.07.30"]
[Round "9"]
[White "Tepe, Mario"]
[Black "Kaminska, Zuzanna"]
[Result "1-0"]
[WhiteElo "1664"]
[BlackElo "1201"]
[PlyCount "75"]
[EventDate "2022.07.30"]
[EventType "swiss (rapid)"]
[EventRounds "9"]
[EventCountry "POL"]
[SourceTitle "CBM 209 Extra"]
[Source "ChessBase"]
[SourceDate "2022.09.30"]
[SourceVersion "1"]
[SourceVersionDate "2022.09.30"]
[SourceQuality "1"]

1. e4 e5 2. Nf3 Nc6 3. Bc4 Nf6 4. Ng5 d5 5. exd5 Nd4 6. c3 b5 7. Bf1 Nxd5 8. cxd4 Qxg5 9. Bxb5+ Bd7 10. Bxd7+ Kxd7 11. Qf3 exd4 12. 0-0 Be7 13. d3 Qe5 14. Bd2 Rhd8 15. Re1 Qd6 16. Na3 Ke8 17. Nc4 Qf6 18. Qe4 h6 19. Rac1 Kf8 20. Qh7 Ke8 21. Ne5 g5 22. Qg8+ Bf8 23. Ng4+ Kd7 24. Nxf6+ Nxf6 25. Qxf7+ Kc8 26. Qxf6 Bd6 27. Ba5 Rd7 28. Re8+ Kb7 29. Rxa8 Kxa8 30. g3 Kb8 31. Qxd4 Ka8 32. Qd5+ Kb8 33. Rc3 a6 34. Qc6 Re7 35. Qxa6 Re1+ 36. Kg2 Re8 37. Rb3+ Bb4 38. Rxb4# 1-0